| 000 | 00365 a2200097 4500 | ||
|---|---|---|---|
| 001 | 56058 | ||
| 100 | _a | ||
| 245 | _aAvionics troubleshooting and repair; for pilots and technicians , Cover FAA related rules and regulations; teaches recognition, diagnostic, and problem-solving processes | ||
| 260 |
_aNY _bMcGraw-Hill Higher Education _c2001 |
||
| 090 |
_c34732 _d34732 |
||
| 942 |
_aNUST-CAE _c _c27483 |
||
| 999 |
_c291131 _d291131 |
||